000 00373nam a2200157Ia 4500
005 20220401144610.0
008 220120s9999||||xx |||||||||||||| ||und||
020 _a590228625
040 _cAACR 2
082 _a621.3 BHA
100 _aBhakshi, Uday
245 0 _aElectrical and Electronics Instrumentation
260 _c2004
300 _a156p.
_b0
942 _2ddc
_cBK
999 _c136457
_d136457